Введение в теорию напряженного состояния: учебное пособие

Detalhes bibliográficos
Autor principal: Раукас У.
Autor Corporativo: Таллинский политехнический институт
Idioma:russo
Publicado em: Таллин, Таллинский политехнический ин-т, 1977
Assuntos:
Formato: Livro
KOHA link:https://koha.lib.tpu.ru/cgi-bin/koha/opac-detail.pl?biblionumber=129589

MARC

LEADER 00000nam0a2200000 4500
001 129589
005 20231031133626.0
035 |a (RuTPU)RU\TPU\book\140273 
090 |a 129589 
100 |a 20080125d1977 m y0rusy50 ca 
101 0 |a rus 
102 |a EE 
105 |a a z 000zy 
200 1 |a Введение в теорию напряженного состояния  |e учебное пособие  |f У. Раукас 
210 |a Таллин  |c Таллинский политехнический ин-т  |d 1977 
215 |a 68 с.  |c ил. 
610 1 |a напряженные состояния 
610 1 |a теория 
610 1 |a напряжения Мора 
610 1 |a закон Гука 
675 |a 539.319(075.8)  |v 3 
700 1 |a Раукас  |b У. 
712 0 2 |a Таллинский политехнический институт  |2 stltpush  |3 (RuTPU)RU\TPU\col\12417 
801 1 |a RU  |b 63413507  |c 20080125  |g PSBO 
801 2 |a RU  |b 63413507  |c 20090120  |g PSBO 
942 |c BK